Seven American Women Writers of the Twentieth Century : an introduction

保存先:
書誌詳細
第一著者: Howard, Maureen
フォーマット: 図書
言語:Undetermined
出版事項: Minnesota. Estados Unidos University Press 1978
主題:
タグ: タグ追加
タグなし, このレコードへの初めてのタグを付けませんか!

MARC

LEADER 00000nam a2200000Ia 4500
008 170316s9999 xx 000 0 und d
040 |a cru BVZT 
090 |a 810 H-34s 
100 |a Howard, Maureen 
245 |a Seven American Women Writers of the Twentieth Century : an introduction 
260 |a Minnesota. Estados Unidos 
260 |b University Press 
260 |c 1978 
300 |a 380 páginas 
650 |a LITERATURA ESTADOUNIDENSE 
999 |c 5750  |d 5750 
942 |c 15 D  |h 810 H-34s  |2 z